| Tag |
First Indicator |
Second Indicator |
Subfields |
| LEADER |
00000cam a2200000 a 4500 |
| 001 |
in00000086789 |
| 005 |
20151008062750.0 |
| 008 |
800610c1980 enka 00110 eng d |
| 020 |
|
|
|a 0803843283
|
| 020 |
|
|
|a 0240510410
|
| 035 |
|
|
|a (OCoLC)06403117
|
| 035 |
|
|
|9 AAK0892AM
|
| 040 |
|
|
|a OAC
|c OAC
|d TXA
|d UtOrBLW
|
| 041 |
1 |
|
|a eng
|a ger
|
| 049 |
|
|
|a TXAM
|c [1655746]
|
| 090 |
|
|
|a TR660
|b K4713
|
| 100 |
1 |
|
|a Kerff, Gerhard.
|
| 240 |
1 |
0 |
|a Zauber der Landschaft.
|l English
|
| 245 |
1 |
0 |
|a Photographing landscape :
|b in colour and black-and-white /
|c Gerhard Kerff ; [translated by Veronica Talbot].
|
| 250 |
|
|
|a 1st. ed.
|
| 264 |
|
1 |
|a London :
|b Focal Press ;
|a New York :
|b Focal/Hastings House,
|c 1980
|
| 264 |
|
4 |
|c ©1979
|
| 300 |
|
|
|a 140 pages :
|b illustrations (some color) ;
|c 25 cm.
|
| 336 |
|
|
|a text
|b txt
|2 rdacontent
|
| 337 |
|
|
|a unmediated
|b n
|2 rdamedia
|
| 338 |
|
|
|a volume
|b nc
|2 rdacarrier
|
| 500 |
|
|
|a Translation of: Zauber der Landschaft.
|
| 500 |
|
|
|a Includes index.
|
| 650 |
|
0 |
|a Landscape photography.
|
| 999 |
|
|
|a MARS
|
| 999 |
f |
f |
|s d3feb416-ebc7-3d34-93ec-e20dae63816d
|i b75c4227-6d9f-34af-a623-c44bb2764bbe
|t 0
|
| 952 |
f |
f |
|p ric
|a Texas A&M University
|b Rellis Campus
|c Joint Library Facility
|d Remote Storage
|t 0
|e TR660 K4713
|h Library of Congress classification
|i unmediated -- volume
|m A14805981664
|
| 998 |
f |
f |
|a TR660 K4713
|t 0
|l Remote Storage
|